000 00768nam a22002537a 4500
001 8447
003 FISKH
005 20250912111142.0
008 250912b cb ||||| |||| 00| 0 eng d
020 _a9781730161780
040 _aFISKH
_beng
_cFISKH
_dFISKH
050 _aPZ7
100 _aPrakash, Ved
245 _aWhy lose your temper? /
_cConceived by Ved Prakash : Artwork by Harvinder Mankkar
260 _aNew Delhi :
_bDreamland Publications ,
_c2011.
300 _a24 pages :
_bcolor illustrations ;
_c28 cm .
490 _aCharacter-Building Stories For Children
505 _aJ
521 8 _a500
_bLexile estimate
521 8 _aJ
_bRaz-Plus
700 _aMankkar, Harvinder
_eIllustrator
942 _2ddc
_cBK
_n0
999 _c8447
_d8447